Laboratorio de pruebas. Turbina Banki

Na minha lista:
Detalhes bibliográficos
Autor principal: Gazel Alvarado, Luis Javier
Formato: Desconhecido
Publicado em: [San José, Costa Rica] 1982
Tags: Adicionar Tag
Sem tags, seja o primeiro a adicionar uma tag!

MARC

LEADER 00000 a2200000 4500
003 001980
005 20221231143748.0
008 140114s1982 c a m 000 ||s d
040 |c cru CEDI 
090 |a TFG 1168 
100 |a Gazel Alvarado, Luis Javier  |9 15624 
245 |a Laboratorio de pruebas. Turbina Banki 
260 |c 1982  |a [San José, Costa Rica] 
300 |a 218 hojas : ilustraciones 
500 |a Proyecto de Graduación IM-410.--Universidad de Costa Rica. Facultad de Ingeniería Mecánica. Escuela de Ingeniería Mecánica 
942 |c TFG 
999 |c 11409  |d 11409